| 000 | 00629nam a22001577a 4500 | ||
|---|---|---|---|
| 008 | 230502b |||||||| |||| 00| 0 eng d | ||
| 020 | _a0855012013 | ||
| 040 |
_aNational Science Library _cNational Science Library |
||
| 080 |
_a535.375.55(082.2) _bL8.1-.2 |
||
| 245 |
_aProceedings of the Sixth International Conference on Raman Spectroscopy _c/ Bangalore, India, 4-9 September 1978 |
||
| 260 |
_aLondon: _bHeyden, _c1978 |
||
| 500 | _aVol. 1 (Invited lectures); ISBN: 0855012013; xiii, 419p. Vol. 2 (Contributed papers); ISBN: 0855012021; v, 536p. | ||
| 650 | _aScience | ||
| 700 | _aSchmid, E D (Ed.) | ||
| 942 |
_2udc _cPR |
||
| 999 |
_c26182 _d26182 |
||